000 00529nam a2200193 a 4500
005 20240507063701.0
008 991125s1993 mx 000 0 spa u
020 _a9688532444
035 _aUPN01000001863
049 _aCG
050 4 _aQD25
_aE5.28
100 1 _aEliade, Mircea,
_d1907-1986
_933710
245 1 0 _aAlquimia asiática /
_cMircea Eliade ; tr. Isidro Arias Pérez.
260 _aMéxico :
_bPaidós,
_c1993.
300 _a113 p.
440 0 _aPaidós orientalia ;
_v32
650 2 _aAlquimia
_92537
905 _aLibro
999 _c1863
_d1863